000 01384nam a2200217 a 4500
001 BRCA_9027
005 20190320210510.0
008 250717s1734----sz-#######---#000-0#lat-#
041 _alat
084 _aLM31
_b.C68 1734
100 1 _aCovarrubias Leyva, Diego de
_d1512 - 1577
_922382
245 1 0 _aDidaci Covarruvias a Leyva Toletani Episcopi Segobiensis, Philippi II Hispaniarum Regis Summo Praetorio Praefecti, ac Juris Interpretis acutissimi, Opera Omnia, Jam post varias Editiones correctiora, & cum veteribus ac melioris notae exemplaribus de novo collara, & ab innumeris mendis feriò repurgata
_bcum auctoris tractatum in Tit. de Frigidis et Maleficiatis, septem quastionibus distincto, quibus an Matrimonium cumhoc impedimento constare possit, accuratè explicatur: accesserunt de novo Joannis Uffelii, J. C. Patricci Bruxellensis, in Variarum Resolutionum Libros, Notae uberiores.
260 _aGenevae
_bSumptibus Fratrum de Tournes
_c1734
300 _a772 p.
_c35.5 x 13 cm
500 _aEn portada: Cum duplici Indice, Capitum et Rerum locupletissimo, suis numeres restituto
500 _aEstado físico: presenta encuadernación en piel, con cantos decorados en color rojo y presencia del pez de plata
650 1 4 _aDerecho romano
_yObras anteriores a 1800
_922105
650 1 4 _aDerecho canónico
_yObras anteriores a 1800
_922085
902 _aCFM
942 _2lcc
_cB
999 _c8678
_d8678